00463nam a2200181 a 4500001001300000003000900013005001700022008004100039020001000080082001300090245001900103260004700122300000800169500003500177505002000212650001600232710003300248nice12345678IN_TiNIC20260116011655.0050524s1909 lona grp 000 0 eng  ac10000a239bCLS aQuran Examined aLondonbChristian Literature Societyc1909 a46p aincludes index and biblioraphy2 aReference Index aApologetics2 aChristian Literature Society